Города Республики Карелия - Statistics

General Stats
  • This quiz has been taken 10 times
  • The average score is 13 of 16
Answer Stats
Население Название % Correct
234 577 Петрозаводск
100%
25 985 Костомукша
100%
14 787 Сортавала
100%
11 737 Медвежьегорск
100%
9 712 Кемь
100%
7 407 Беломорск
100%
25 300 Кондопога
86%
23 074 Сегежа
86%
7 631 Олонец
86%
5 855 Лахденпохья
86%
8 094 Питкяранта
71%
7 207 Пудож
71%
6 819 Суоярви
57%
3 617 Лоухи
57%
3 417 Калевала
57%
2 507 Муезерский
43%
No matching quizzes found
Score Distribution
Percent of People with Each Score
Percentile by Number Answered
Your Score History
You have not taken this quiz